Criminal Procedure Code (FMS Cap.6) : (as at May 1997)
| Corporate Author: | |
|---|---|
| Format: | Book |
| Published: |
Kuala Lumpur :
Malayan Law Journal ,
1997
|
| Series: | MLJ statute series
|
| Subjects: |
MARC
| LEADER | 00000cam a2200000 7i4500 | ||
|---|---|---|---|
| 001 | 0000000618 | ||
| 005 | 20000913.0 | ||
| 020 | 0 | 0 | |a 9679620867 |
| 090 | 0 | 0 | |a 345.59505 |b MAL 1997 |
| 110 | 1 | 0 | |a MALAYSIA |
| 245 | 1 | 0 | |a Criminal Procedure Code (FMS Cap.6) : |b (as at May 1997) |
| 260 | 0 | 0 | |a Kuala Lumpur : |b Malayan Law Journal , |c 1997 |
| 300 | |a 283 p. ; |c 25 cm. | ||
| 440 | 0 | 0 | |a MLJ statute series |
| 500 | 0 | 0 | |a Includes index |
| 650 | 0 | 0 | |a Criminal law |z Malaysia |
| 650 | 0 | 0 | |a Criminal procedure |z Malaysia |
| 999 | |a 0000001886 |b Monograph |c Open Shelf |e Default branch | ||